000 00568nam a2200217Ia 4500
003 OSt
005 20221006151826.0
006 a|||||r|||| 00| 0
007 ta
008 221006b |||||||| |||| 00| 0 eng d
024 _a23,539
037 _bGift,
_cTextual
040 _aEASL
_cEASL
_beng
041 _2eng
_aeng
100 _aYU Guang Yuan Ed.
_9660083
245 0 _aChina's socialist modernization
260 _aBeijing
_bNew World Press
_c1984
300 _a775p.
_ccm.
942 _cTEXL
_2CC
999 _c1091625
_d1091625